Betty Comden - Adolph Green - Nacio Herb Brown - Arthur Freed, Zpívání v dešti = Singin' in the rain : muzikál o dvou dílech : [premiéra 16.11.2001 v Mahenově divadle /

Korporativní autor: Národní divadlo Brno. Opera
Další autoři: Drlík, Vojen, 1944-
Jazyk: Němčina
Čeština
Angličtina
Vydáno: Brno : Zpěvohra Národního divadla v Brně, 2001
Témata:
Externí odkaz: Digitalizovaný dokument
Fyzický popis: [30] s. : il. (některé barev.) ; 25 cm
Knihy
Uloženo v:
LEADER 02266nam a2200505 a 4500
001 000707544
003 CZ BrMZK
005 20090325141916.0
007 ta
008 040302s2001 xr a e 000 0 cze d
015 |a cnb001112230 
020 |a 80-238-9157-X  |q (v knize neuvedeno ; brož.) 
035 |a (OCoLC)51184608 
040 |a ABA001  |b cze  |d BOA001 
041 0 |a cze  |a eng  |a ger 
043 |a n-us---  |a e-xr---  |b e-xr-jm  |2 czenas 
045 |a x-x-  |a y0y1 
072 7 |a 792  |x Divadlo. Divadelní představení  |2 Konspekt  |9 3 
080 |a 782.8  |2 MRF 
080 |a 792.57  |2 MRF 
080 |a (73)  |2 MRF 
080 |a (437.322)  |2 MRF 
080 |a (083.97)  |2 MRF 
245 0 0 |a Betty Comden - Adolph Green - Nacio Herb Brown - Arthur Freed, Zpívání v dešti =  |b Singin' in the rain : muzikál o dvou dílech : [premiéra 16.11.2001 v Mahenově divadle /  |c programový bulletin k první premiéře Zpěvohry Národního divadla v Brně v sezóně 2001/2002 připravil Vojen Drlík] 
246 3 3 |a Singin' in the rain 
246 3 |a Zpívání v dešti 
260 |a Brno :  |b Zpěvohra Národního divadla v Brně,  |c 2001 
300 |a [30] s. :  |b il. (některé barev.) ;  |c 25 cm 
500 |a Souběžný anglický a německý obsah 
504 |a Obsahuje bibliografii 
500 |a Dostupné též v digitální podobě v aplikaci Kramerius 
648 7 |a 20. století  |7 ch460558  |2 czenas 
648 7 |a 2001-2010  |7 ch460588  |2 czenas 
650 0 7 |a muzikály  |7 ph123058  |z Spojené státy americké  |y 20. stol.  |2 czenas 
650 0 7 |a muzikály (inscenace)  |7 ph137571  |z Česko  |y 2001-2010  |2 czenas 
655 7 |a divadelní programy  |7 fd132033  |2 czenas 
610 2 7 |a Mahenovo divadlo  |7 kn20010709308  |2 czenas 
651 7 |a Brno (Česko)  |7 ge134084  |2 czenas 
700 1 |a Drlík, Vojen,  |d 1944-  |7 ola200207416  |4 edt 
710 2 |a Národní divadlo Brno.  |b Opera  |7 kn20010709310 
856 4 1 |u http://www.digitalniknihovna.cz/mzk/uuid/uuid:564fc250-7eef-11e6-bb23-005056827e51  |y Digitalizovaný dokument  |x NDK 
910 |a BOA001  |b 2-1131.577 
990 |a BK 
996 6 |b 2610215864  |c 2-1131.577  |l MZK  |r Sklad / do 1 hodiny  |n 0  |p p.v.  |w 000707544  |u 000010  |a 1  |e BOA001  |j MZK50  |s P 
996 7 |b 2610215865  |c 2-1131.577  |l MZK  |r Sklad / do 1 hodiny  |n 2  |p p.v.  |w 000707544  |u 000020  |a 1  |e BOA001  |j MZK50  |s A